000 00263nam a22001097a 4500
020 _a9788170356622
082 _a631.431
_bSHA/OB
100 _aShashi Bhushan Kumar
245 _aObjective soil physics
260 _aDelhi
_bDaya Publishing House
_c2010
942 _cBK
999 _c14006
_d14006